| 000 | 00724nam a2200217 i 4500 | ||
|---|---|---|---|
| 001 | 28423 | ||
| 003 | ES-MaACL | ||
| 005 | 20230906153843.0 | ||
| 007 | t| | ||
| 008 | 030117s1971 sp f |||| |dspa d | ||
| 080 | _a860 Pardo Bazán, Emilia. Condesa de, 1.06 | ||
| 100 | 1 |
_aBaquero Goyanes, Mariano. _925265 |
|
| 245 | 1 | 0 |
_aEmilia Pardo Bazán / _cMariano Baquero Goyanes. |
| 260 |
_aMadrid : _bPublicaciones Españolas, _c1971. |
||
| 300 |
_a64 p., [4] p. de lám. ; _c21 cm. |
||
| 490 | 1 |
_aTemas españoles ; _v526 |
|
| 600 | 1 | 4 |
_aPardo Bazán, Emilia, _cCondesa de, _d1851-1921- _xCrítica e interpretación _988986 |
| 830 | 0 |
_aTemas españoles ; _v526 _9178712 |
|
| 852 |
_aES-MaACL _jC-45141 |
||
| 999 |
_c28423 _d28423 |
||